Saw Characters (Horror Series) - Statistics

General Stats
  • This quiz has been taken 626 times
  • The average score is 9 of 19
Answer Stats
Character % Correct
Jigsaw Killers & Associates John Kramer
90%
Jigsaw Killers & Associates Mark Hoffman
86%
Metropolitan Police Mark Hoffman
86%
Jigsaw Killers & Associates Amanda Young
78%
Jigsaw Killers & Associates Lawrence Gordon
74%
FBI Peter Strahm
63%
Metropolitan Police Eric Matthews
53%
Metropolitan Police Allison Kerry
48%
Metropolitan Police Daniel Rigg
47%
Metropolitan Police David Tapp
47%
FBI Lindsey Perez
46%
Jigsaw Killers & Associates Jill Tuck
41%
Metropolitan Police Steven Sing
39%
Jigsaw Killers & Associates Logan Nelson
32%
FBI Dan Erickson
27%
Metropolitan Police Matt Gibson
18%
Metropolitan Police Halloran
11%
Metropolitan Police Fisk
10%
Metropolitan Police Keith Hunt
6%
No matching quizzes found
Score Distribution
Percent of People with Each Score
Percentile by Number Answered
Your Score History
You have not taken this quiz